| 000 | 00929ngm a2200193 a 4500 | ||
|---|---|---|---|
| 005 | 20240924064312.0 | ||
| 008 | 031009s1999 mx 085 d daspa d | ||
| 035 | _aUPN01000129843 | ||
| 049 | _aAV | ||
| 050 | 4 | _aPVI L 1236 | |
| 100 | 1 |
_aSchmelkes del Valle, Sylvia, _d1948- _929981 |
|
| 245 | 1 | 3 |
_aLa gestión escolar en la escuela primaria / _cSylvia Schmelkes. |
| 260 |
_aMéxico : _bSEP : _bCooperación Española, _c1999. |
||
| 300 |
_a1 videocasete (VHS) (85 min.) : _bson., col. |
||
| 520 | _aEn México siempre ha existido una baja calidad en la educación débido a factores como la pobreza, necesidad de trabajo, mala alimentación, y la salud. En éste documental se menciona que los sistemas educativos debén planearse para responder a las necesidades de hoy y del mañana | ||
| 650 | 4 |
_aEducación primaria _vPlanes y programas _99146 |
|
| 650 | 4 |
_aEducación _vPlanes y programas _96413 |
|
| 905 | _aAudiovisuales | ||
| 999 |
_c102000 _d102000 |
||